[Event "North Island-ch"]
[Site "Auckland"]
[Date "2014.07.16"]
[Round "6"]
[White "Nicholls, Leighton"]
[Black "Zhang, William Jie Wen"]
[Result "1/2-1/2"]
[WhiteElo "1781"]
[BlackElo "1855"]
[PlyCount "45"]
[EventDate "2014.07.14"]
[EventType "swiss"]
[EventRounds "9"]
[EventCountry "NZL"]
[SourceTitle "EXT 2018"]
[Source "ChessBase"]
[SourceDate "2017.10.13"]
[SourceVersion "1"]
[SourceVersionDate "2017.10.13"]
[SourceQuality "1"]

1. e4 e6 2. d4 d5 3. e5 c5 4. c3 Nc6 5. Nf3 Bd7 6. a3 f6 7. b4 fxe5 8. Nxe5 Nxe5 9. dxe5 Qc7 10. f4 0-0-0 11. Bd3 c4 12. Bc2 Nh6 13. Be3 Kb8 14. Nd2 Be7 15. Nf3 Ng4 16. Qd2 Nxe3 17. Qxe3 Rdf8 18. 0-0-0 g6 19. Nd4 Rhg8 20. h4 h6 21. g4 Qd8 22. Qg3 Kc8 23. Kb2 1/2-1/2

[Event "NZL-ch 121st"]
[Site "Auckland"]
[Date "2014.01.08"]
[Round "5"]
[White "Meyer, Marany"]
[Black "Zhang, William Jie Wen"]
[Result "1/2-1/2"]
[WhiteElo "2103"]
[BlackElo "1878"]
[PlyCount "59"]
[EventDate "2014.01.04"]
[EventType "swiss"]
[EventRounds "9"]
[EventCountry "NZL"]
[SourceTitle "CBM 158 Extra"]
[Source "ChessBase"]
[SourceDate "2014.02.28"]
[SourceVersion "1"]
[SourceVersionDate "2014.02.28"]
[SourceQuality "1"]

1. e4 e6 2. d3 d5 3. Nd2 c5 4. Ngf3 Nc6 5. g3 g6 6. Bg2 Bg7 7. c3 Nge7 8. 0-0 0-0 9. Re1 b6 10. Qc2 Qc7 11. Nf1 Bb7 12. exd5 exd5 13. d4 cxd4 14. cxd4 Qd7 15. Be3 Rac8 16. Qd2 Ba6 17. Bh6 Rfe8 18. Bxg7 Kxg7 19. Ne3 Qd6 20. a3 Na5 21. Qd1 Ng8 22. Nh4 Ne7 23. Bxd5 Kg8 24. Ba2 Red8 25. d5 Nc4 26. Qg4 Nxe3 27. Rxe3 Nxd5 28. Ree1 Nf6 29. Qg5 Rc5 30. Qe3 1/2-1/2

[Event "NZL-ch 121st"]
[Site "Auckland"]
[Date "2014.01.06"]
[Round "3"]
[White "Huang, Alex"]
[Black "Zhang, William Jie Wen"]
[Result "1-0"]
[WhiteElo "2052"]
[BlackElo "1878"]
[PlyCount "75"]
[EventDate "2014.01.04"]
[EventType "swiss"]
[EventRounds "9"]
[EventCountry "NZL"]
[SourceTitle "CBM 158 Extra"]
[Source "ChessBase"]
[SourceDate "2014.02.28"]
[SourceVersion "1"]
[SourceVersionDate "2014.02.28"]
[SourceQuality "1"]

1. e4 e6 2. d4 d5 3. Nc3 Bb4 4. e5 Ne7 5. Bd2 Bxc3 6. Bxc3 b6 7. Qg4 Kf8 8. 0-0-0 Ba6 9. f4 Bxf1 10. Rxf1 c5 11. Nf3 Nbc6 12. Qh3 cxd4 13. Nxd4 Nxd4 14. Bxd4 Qc7 15. g4 Qc4 16. Qe3 Rc8 17. Bc3 h5 18. f5 Qxg4 19. fxe6 Qxe6 20. Qf3 Ke8 21. Qg3 Ng6 22. Kb1 Rc4 23. Re1 Kd7 24. Rhf1 h4 25. Qg1 Ke7 26. Qg5+ Ke8 27. h3 Rh7 28. Rf3 Nf8 29. Ref1 g6 30. Rf6 Qxh3 31. e6 Nxe6 32. Qxd5 Rxc3 33. bxc3 Qxc3 34. Rxe6+ fxe6 35. Qxe6+ Re7 36. Qg8+ Kd7 37. Rd1+ Kc6 38. Qd5+ 1-0

[Event "North Shore op-A 38th"]
[Site "North Shore"]
[Date "2012.09.23"]
[Round "5"]
[White "Yang, Scott"]
[Black "Zhang, William Jie Wen"]
[Result "1-0"]
[WhiteElo "1946"]
[BlackElo "1852"]
[PlyCount "97"]
[EventDate "2012.09.22"]
[EventType "swiss"]
[EventRounds "5"]
[EventCountry "NZL"]
[SourceTitle "EXT 2018"]
[Source "ChessBase"]
[SourceDate "2017.10.13"]
[SourceVersion "1"]
[SourceVersionDate "2017.10.13"]
[SourceQuality "1"]

1. d4 e6 2. g3 f5 3. Nf3 Nf6 4. c4 Be7 5. Nc3 0-0 6. Bg2 d6 7. b3 a5 8. Bb2 Qe8 9. Qc2 Nc6 10. a3 e5 11. d5 Nb8 12. Ng5 Bd8 13. Nb5 e4 14. Qc3 h6 15. Nh3 Qf7 16. Nf4 Ng4 17. 0-0 Bf6 18. Qd2 Bxb2 19. Qxb2 Na6 20. Qc3 b6 21. Nd4 Qf6 22. Rfd1 Ne5 23. Rac1 Rf7 24. b4 Nb8 25. Nfe6 c5 26. Nb5 axb4 27. axb4 Bxe6 28. dxe6 Qxe6 29. Rxd6 Qe7 30. Qd2 Nbc6 31. bxc5 bxc5 32. Qd5 Ra2 33. Nc3 Ra5 34. Rxc6 Nxc6 35. Qxc6 Qd7 36. Qxd7 Rxd7 37. Nd5 Ra2 38. e3 Rb7 39. Bh3 g6 40. g4 fxg4 41. Bxg4 Rd2 42. Nf6+ Kg7 43. Nxe4 Ra2 44. Nxc5 Rbb2 45. Ne4 h5 46. Be6 Ra6 47. Bd5 Rb8 48. c5 Rc8 49. Bb7 1-0

[Event "North Shore op-A 38th"]
[Site "North Shore"]
[Date "2012.09.23"]
[Round "4"]
[White "Zhang, William Jie Wen"]
[Black "Li, William Xiang Wei"]
[Result "1/2-1/2"]
[WhiteElo "1852"]
[BlackElo "1764"]
[PlyCount "79"]
[EventDate "2012.09.22"]
[EventType "swiss"]
[EventRounds "5"]
[EventCountry "NZL"]
[SourceTitle "EXT 2018"]
[Source "ChessBase"]
[SourceDate "2017.10.13"]
[SourceVersion "1"]
[SourceVersionDate "2017.10.13"]
[SourceQuality "1"]

1. d4 d5 2. Nf3 Nf6 3. Bg5 e6 4. e3 h6 5. Bh4 Be7 6. Bd3 Nbd7 7. 0-0 0-0 8. Nbd2 c5 9. c3 b6 10. Rc1 Bb7 11. a3 a5 12. Bb1 Re8 13. Ne5 Nxe5 14. dxe5 Nd7 15. Bxe7 Qxe7 16. Qc2 Nf8 17. Rfe1 Red8 18. e4 d4 19. Nc4 Qc7 20. f4 Ng6 21. g3 Ne7 22. Nd6 Nc8 23. cxd4 Nxd6 24. exd6 Qxd6 25. dxc5 Qd4+ 26. Qf2 Qxf2+ 27. Kxf2 Rac8 28. b4 axb4 29. axb4 Rd4 30. cxb6 Rxc1 31. Rxc1 Rxb4 32. Rc7 Rxb6 33. Bd3 Ba6 34. Bxa6 Rxa6 35. Rc2 Ra3 36. e5 Kh7 37. Rc7 Kg6 38. g4 Ra2+ 39. Kg3 Ra3+ 40. Kf2 1/2-1/2

[Event "Hamilton Waikato op"]
[Site "Hamilton"]
[Date "2012.08.05"]
[Round "6"]
[White "Zhang, William Jie Wen"]
[Black "Dolejs, Dan E"]
[Result "0-1"]
[WhiteElo "1822"]
[BlackElo "1873"]
[PlyCount "48"]
[EventDate "2012.08.03"]
[EventType "swiss"]
[EventRounds "6"]
[EventCountry "NZL"]
[SourceTitle "EXT 2018"]
[Source "ChessBase"]
[SourceDate "2017.10.13"]
[SourceVersion "1"]
[SourceVersionDate "2017.10.13"]
[SourceQuality "1"]

1. d4 d5 2. c4 e6 3. Nc3 Nf6 4. cxd5 exd5 5. Bg5 Nbd7 6. e3 c6 7. Bd3 Be7 8. Qc2 h6 9. Bh4 0-0 10. Nf3 Re8 11. 0-0 Nf8 12. Rab1 Bg4 13. Ne5 Be6 14. b4 Ng4 15. Bxe7 Qxe7 16. Nxg4 Bxg4 17. a4 Qg5 18. Kh1 Bd7 19. b5 Re6 20. Rb2 Ng6 21. f4 Qg4 22. Bf5 Qh5 23. g4 Qh3 24. Bxe6 Qxf1# 0-1

[Event "Hamilton Waikato op"]
[Site "Hamilton"]
[Date "2012.08.03"]
[Round "1"]
[White "Hart, Ralph"]
[Black "Zhang, William Jie Wen"]
[Result "0-1"]
[WhiteElo "2209"]
[BlackElo "1822"]
[PlyCount "84"]
[EventDate "2012.08.03"]
[EventType "swiss"]
[EventRounds "6"]
[EventCountry "NZL"]
[SourceTitle "EXT 2018"]
[Source "ChessBase"]
[SourceDate "2017.10.13"]
[SourceVersion "1"]
[SourceVersionDate "2017.10.13"]
[SourceQuality "1"]

1. d4 e6 2. e4 d5 3. Nd2 Nf6 4. e5 Nfd7 5. Bd3 c5 6. c3 Nc6 7. Ne2 cxd4 8. cxd4 f6 9. exf6 Nxf6 10. 0-0 Bd6 11. Nf3 Qc7 12. Bg5 0-0 13. Bh4 Nh5 14. Bxh7+ Kxh7 15. Ng5+ Kg8 16. Qd3 Nf6 17. Rac1 Bxh2+ 18. Kh1 Bf4 19. Bg3 Bxg3 20. fxg3 e5 21. Qg6 Ne7 22. Qb1 Qd6 23. Rxf6 Rxf6 24. Qh7+ Kf8 25. Qh8+ Ng8 26. Nh7+ Kf7 27. Ng5+ Kf8 28. Nh7+ Kf7 29. Ng5+ Kg6 30. Qxg8 Kxg5 31. Kg1 Qe6 32. Qxg7+ Rg6 33. Qh8 Rg8 34. Qh4+ Kg6 35. Rc7 Bd7 36. dxe5 Qb6+ 37. Kh2 Rh8 38. Nf4+ Kf5 39. Nh5 Qh6 40. g4+ Ke6 41. Qe1 Qf4+ 42. Kg1 Qd4+ 0-1

[Event "North Island-ch"]
[Site "Auckland"]
[Date "2012.07.11"]
[Round "1"]
[White "Zhang, William Jie Wen"]
[Black "Wallis, Christopher"]
[Result "0-1"]
[WhiteElo "1808"]
[BlackElo "2251"]
[PlyCount "100"]
[EventDate "2012.07.11"]
[EventType "swiss"]
[EventRounds "8"]
[EventCountry "NZL"]
[SourceTitle "EXT 2018"]
[Source "ChessBase"]
[SourceDate "2017.10.13"]
[SourceVersion "1"]
[SourceVersionDate "2017.10.13"]
[SourceQuality "1"]

1. d4 d5 2. c4 c6 3. Nc3 Nf6 4. Nf3 e6 5. Bg5 h6 6. Bxf6 Qxf6 7. e3 Nd7 8. Bd3 dxc4 9. Bxc4 g6 10. 0-0 Bg7 11. e4 e5 12. d5 Nb6 13. Be2 0-0 14. Qb3 cxd5 15. exd5 e4 16. Nd2 e3 17. Nde4 exf2+ 18. Rxf2 Qe7 19. Rd1 Bf5 20. Bf3 Rac8 21. Re2 Rfd8 22. Kh1 Qd7 23. a3 Nc4 24. Kg1 Ne5 25. Re3 Nxf3+ 26. Rxf3 Bg4 27. Rdf1 Bxf3 28. Rxf3 f5 29. Nd2 Bxc3 30. Rxc3 Rxc3 31. Qxc3 Qxd5 32. Nf3 Re8 33. Qf6 Re6 34. Qc3 Rc6 35. Qe3 Qc5 36. Qd4 Qxd4+ 37. Nxd4 Rc4 38. Nb5 Rc1+ 39. Kf2 Rc2+ 40. Kg3 a6 41. Nd4 Rxb2 42. h4 Ra2 43. h5 Rxa3+ 44. Kf4 Ra4 45. Ke5 Rxd4 46. Kxd4 Kg7 47. hxg6 Kxg6 48. g3 Kg5 49. Kc5 Kg4 50. Kb6 Kxg3 0-1

[Event "NZL-ch U08/16"]
[Site "Waitakere"]
[Date "2012.07.06"]
[Round "7"]
[White "Zhu, Karl Kai"]
[Black "Zhang, William Jie Wen"]
[Result "0-1"]
[WhiteElo "1660"]
[BlackElo "1864"]
[PlyCount "56"]
[EventDate "2012.07.06"]
[EventType "swiss"]
[EventRounds "7"]
[EventCountry "NZL"]
[SourceTitle "EXT 2018"]
[Source "ChessBase"]
[SourceDate "2017.10.13"]
[SourceVersion "1"]
[SourceVersionDate "2017.10.13"]
[SourceQuality "1"]

1. e4 e6 2. d4 d5 3. Nc3 Bb4 4. e5 Ne7 5. Qg4 c5 6. a3 Qa5 7. Bd2 cxd4 8. Qxd4 Nbc6 9. Qg4 d4 10. Ne4 Bxd2+ 11. Nxd2 Qxe5+ 12. Be2 f5 13. Qg5 0-0 14. Ngf3 Qf6 15. Qxf6 Rxf6 16. Nc4 Ng6 17. 0-0-0 e5 18. Rhe1 b5 19. Ncxe5 Ngxe5 20. Bxb5 Nxf3 21. Bxc6 Rxc6 22. gxf3 Rd6 23. c3 d3 24. Re3 Ba6 25. Re5 Bc4 26. Rxf5 Bb3 27. Ra5 Bxd1 28. Kxd1 Re8 0-1

[Event "NZL-ch U08/16"]
[Site "Waitakere"]
[Date "2012.07.04"]
[Round "3"]
[White "Geng, Karen Jing Yi"]
[Black "Zhang, William Jie Wen"]
[Result "0-1"]
[WhiteElo "1425"]
[BlackElo "1864"]
[PlyCount "70"]
[EventDate "2012.07.06"]
[EventType "swiss"]
[EventRounds "7"]
[EventCountry "NZL"]
[SourceTitle "EXT 2018"]
[Source "ChessBase"]
[SourceDate "2017.10.13"]
[SourceVersion "1"]
[SourceVersionDate "2017.10.13"]
[SourceQuality "1"]

1. d4 Nf6 2. c4 g6 3. Nc3 Bg7 4. Bf4 d6 5. Nf3 0-0 6. g3 Nbd7 7. Bg2 Nh5 8. Qd2 Nxf4 9. gxf4 c5 10. 0-0-0 cxd4 11. Nxd4 a6 12. f5 Ne5 13. fxg6 hxg6 14. b3 Rb8 15. h4 Ng4 16. h5 e5 17. hxg6 exd4 18. gxf7+ Rxf7 19. Bd5 dxc3 20. Bxf7+ Kxf7 21. Qd5+ Be6 22. Qf3+ Qf6 23. Qg3 c2 24. Kd2 cxd1R+ 25. Rxd1 Qb2+ 26. Ke1 Qc3+ 27. Qxc3 Bxc3+ 28. Kf1 Rh8 29. Rxd6 Rh1+ 30. Kg2 Rh2+ 31. Kg1 Rxf2 32. e3 Be5 33. Rd3 Bf5 34. Rd5 Bh2+ 35. Kh1 Be4# 0-1

[Event "NZL-ch U08/16"]
[Site "Waitakere"]
[Date "2012.07.04"]
[Round "4"]
[White "Zhang, William Jie Wen"]
[Black "Jia, Hao"]
[Result "0-1"]
[WhiteElo "1864"]
[BlackElo "1762"]
[PlyCount "76"]
[EventDate "2012.07.06"]
[EventType "swiss"]
[EventRounds "7"]
[EventCountry "NZL"]
[SourceTitle "EXT 2018"]
[Source "ChessBase"]
[SourceDate "2017.10.13"]
[SourceVersion "1"]
[SourceVersionDate "2017.10.13"]
[SourceQuality "1"]

1. d4 f5 2. Nf3 Nf6 3. g3 d5 4. Bg2 e6 5. 0-0 Bd6 6. c4 c6 7. b3 Qe7 8. a4 a5 9. Ba3 Na6 10. Bxd6 Qxd6 11. Na3 0-0 12. Nc2 b6 13. Qc1 Bb7 14. Rd1 Qc7 15. Qb2 c5 16. cxd5 Nxd5 17. Rac1 Qe7 18. Ne5 Rf6 19. dxc5 Nxc5 20. Nd4 Rc8 21. Bf3 g5 22. h3 h5 23. e3 f4 24. exf4 gxf4 25. Bxh5 fxg3 26. fxg3 Qg7 27. Bg4 Ne3 28. Re1 Nxg4 29. Nxg4 Rf3 30. Kh2 Rcf8 31. Re2 Nd3 32. Nxf3 Nxb2 33. Nfe5 Nd3 34. Nxd3 Ba6 35. Rd1 Rf3 36. Red2 Bxd3 37. Rxd3 Rxd3 38. Rxd3 Qb2+ 0-1

[Event "Queenstown op"]
[Site "Queenstown"]
[Date "2012.01.15"]
[Round "1"]
[White "Zhang, William Jie Wen"]
[Black "Smith, Robert Wayne"]
[Result "0-1"]
[WhiteElo "1849"]
[BlackElo "2273"]
[PlyCount "126"]
[EventDate "2012.01.15"]
[EventType "swiss"]
[EventRounds "9"]
[EventCountry "NZL"]
[SourceTitle "CBM 146 Extra"]
[Source "ChessBase"]
[SourceDate "2012.02.29"]
[SourceVersion "1"]
[SourceVersionDate "2012.02.29"]
[SourceQuality "1"]

1. e4 c5 2. Nf3 d6 3. d4 cxd4 4. Nxd4 Nf6 5. Nc3 a6 6. Be3 e5 7. Nb3 Be6 8. f3 Nbd7 9. Qd2 Be7 10. 0-0-0 Rc8 11. g4 Nb6 12. Qf2 Nfd7 13. Nd5 Bxd5 14. exd5 0-0 15. Kb1 Bg5 16. Na5 Bxe3 17. Qxe3 Qc7 18. c4 Na4 19. Qd2 b6 20. Nc6 Nb8 21. Nxb8 Rxb8 22. Rc1 a5 23. Bd3 Nc5 24. h4 Nxd3 25. Qxd3 f5 26. Rhg1 Qf7 27. Rcf1 Rbc8 28. Rf2 fxg4 29. Rxg4 Qf5 30. Qxf5 Rxf5 31. a4 Rcf8 32. Rfg2 R8f7 33. R2g3 g6 34. Rg2 Kg7 35. Kc2 Rxf3 36. Rg1 Rf2+ 37. Kb3 R7f3+ 38. Ka2 Rf4 39. Kb3 Rxg4 40. Rxg4 Rf4 41. Rxf4 exf4 42. Kc3 Kf6 43. Kd4 Kf5 44. b3 h6 45. Kd3 Ke5 46. Ke2 Kd4 47. Kd2 g5 48. hxg5 hxg5 49. Ke2 Kc3 50. b4 Kxb4 51. c5 Kxc5 52. Kd3 Kxd5 53. Ke2 Ke4 54. Kf2 g4 55. Kg2 Ke3 56. Kf1 f3 57. Kg1 g3 58. Kf1 d5 59. Kg1 Ke2 60. Kh1 d4 61. Kg1 d3 62. Kh1 d2 63. Kg1 d1R# 0-1

[Event "NZL-ch U08/14"]
[Site "Howick"]
[Date "2011.07.28"]
[Round "6"]
[White "Zhang, William Jie Wen"]
[Black "Li, William Xiang Wei"]
[Result "0-1"]
[WhiteElo "1667"]
[BlackElo "1975"]
[PlyCount "52"]
[EventDate "2011.07.29"]
[EventType "swiss"]
[EventRounds "7"]
[EventCountry "NZL"]
[SourceTitle "EXT 2018"]
[Source "ChessBase"]
[SourceDate "2017.10.13"]
[SourceVersion "1"]
[SourceVersionDate "2017.10.13"]
[SourceQuality "1"]

1. e4 c5 2. Nf3 d6 3. d4 cxd4 4. Nxd4 Nf6 5. Nc3 a6 6. f3 e5 7. Nb3 Be6 8. Be3 Be7 9. Qd2 Nbd7 10. 0-0-0 b5 11. g4 Nb6 12. Qf2 Nc4 13. Bxc4 Bxc4 14. Na5 Qc8 15. h4 Be6 16. Kb1 b4 17. Na4 Rb8 18. h5 Nd7 19. Nb6 Nxb6 20. Bxb6 Qd7 21. Nb3 Qc6 22. Ba7 Rb5 23. Rhe1 a5 24. Rc1 a4 25. Nd2 a3 26. c4 bxc3 0-1

[Event "NZL-ch U08/14"]
[Site "Howick"]
[Date "2011.07.27"]
[Round "3"]
[White "Qin, Joy Shu Yan"]
[Black "Zhang, William Jie Wen"]
[Result "0-1"]
[WhiteElo "1251"]
[BlackElo "1667"]
[PlyCount "98"]
[EventDate "2011.07.29"]
[EventType "swiss"]
[EventRounds "7"]
[EventCountry "NZL"]
[SourceTitle "EXT 2018"]
[Source "ChessBase"]
[SourceDate "2017.10.13"]
[SourceVersion "1"]
[SourceVersionDate "2017.10.13"]
[SourceQuality "1"]

1. e4 c5 2. Nf3 Nc6 3. d4 cxd4 4. Nxd4 g6 5. Be3 Bg7 6. c3 Nf6 7. Nd2 0-0 8. Rb1 d5 9. exd5 Nxd5 10. N2b3 Nxe3 11. fxe3 Ne5 12. Be2 a6 13. 0-0 b6 14. Bf3 Ra7 15. Nc6 Nxc6 16. Bxc6 Bb7 17. Qxd8 Rxd8 18. Bxb7 Rxb7 19. Rbd1 Rbd7 20. Rxd7 Rxd7 21. Nd4 e5 22. Nc6 Rd2 23. Rf2 Rd1+ 24. Rf1 Rd3 25. e4 Re3 26. Nb4 Rxe4 27. Nxa6 Bh6 28. Rd1 Re2 29. Rd5 Rxb2 30. Rxe5 Rxa2 31. Nb4 Ra3 32. Re8+ Kg7 33. Nd5 Bd2 34. c4 Rb3 35. Re2 Bb4 36. Rc2 Bc5+ 37. Kf1 g5 38. Rc3 Rb1+ 39. Ke2 Rb2+ 40. Kf3 Rf2+ 41. Kg3 h5 42. Kh3 Rf5 43. Ne3 Re5 44. Nf1 g4+ 45. Kg3 Re1 46. Nd2 Bb4 47. Rd3 Rd1 48. Rb3 Bxd2 49. Rxb6 f6 0-1

[Event "NZL-ch Major op"]
[Site "Auckland"]
[Date "2011.01.02"]
[Round "1"]
[White "Zhang, William Jie Wen"]
[Black "Stracy, Don M"]
[Result "0-1"]
[WhiteElo "1409"]
[BlackElo "1796"]
[PlyCount "166"]
[EventDate "2011.01.02"]
[EventType "swiss"]
[EventRounds "11"]
[EventCountry "NZL"]
[SourceTitle "EXT 2018"]
[Source "ChessBase"]
[SourceDate "2017.10.13"]
[SourceVersion "1"]
[SourceVersionDate "2017.10.13"]
[SourceQuality "1"]

1. e4 c5 2. c3 Nf6 3. e5 Nd5 4. d4 cxd4 5. cxd4 d6 6. Nf3 Nc6 7. Be2 g6 8. Nc3 Nxc3 9. bxc3 Bg7 10. exd6 Qxd6 11. 0-0 0-0 12. Bc4 Bd7 13. Re1 Na5 14. Bb3 Rfe8 15. Ne5 Nxb3 16. axb3 Bc6 17. Bf4 e6 18. Bg3 Qd5 19. f3 a5 20. Nc4 Qd8 21. Be5 b5 22. Nd2 Qb6 23. Bxg7 Kxg7 24. Kh1 Rad8 25. Qc2 Rd7 26. Ne4 Bxe4 27. fxe4 Red8 28. Qa2 b4 29. Qxa5 Qxa5 30. Rxa5 bxc3 31. Rc5 Rxd4 32. Rxc3 Rxe4 33. Rb1 Rd2 34. h3 Ree2 35. Rg1 Rb2 36. Kh2 Re4 37. Rf1 Ree2 38. Rg1 e5 39. Kg3 f5 40. Rc7+ Kh6 41. Rc3 Rec2 42. Rd3 e4 43. Re3 Rd2 44. Kh2 Rd3 45. Rge1 Rbxb3 46. R3e2 Kg5 47. Rf1 Rdc3 48. Ra2 h5 49. Rff2 Rb5 50. Ra6 h4 51. Rd2 Rd3 52. Rc2 Rbd5 53. Rcc6 e3 54. Rxg6+ Kf4 55. Rge6 R3d4 56. Ra2 Re5 57. Rxe5 Kxe5 58. Re2 f4 59. Kg1 Rd1+ 60. Kh2 Rd2 61. Re1 Ke4 62. Kg1 Kd3 63. Ra1 Ke2 64. Ra4 f3 65. gxf3 Kxf3 66. Ra3 Rg2+ 67. Kf1 Rh2 68. Kg1 Rxh3 69. Rb3 Rg3+ 70. Kf1 h3 71. Rb2 Rg2 72. Rb8 e2+ 73. Ke1 Rg1+ 74. Kd2 e1Q+ 75. Kd3 Qe3+ 76. Kc4 Rc1+ 77. Kd5 Rd1+ 78. Kc4 Qf4+ 79. Kc3 Qxb8 80. Kc2 Rd7 81. Kc1 Qc8+ 82. Kb1 Rb7+ 83. Ka2 Qa8# 0-1

[Event "NZL-ch Major"]
[Site "Auckland"]
[Date "2010.01.09"]
[Round "8"]
[White "Zhang, William Jie Wen"]
[Black "Tang, Sean"]
[Result "1-0"]
[WhiteElo "1189"]
[BlackElo "1355"]
[PlyCount "107"]
[EventDate "2010.01.02"]
[EventType "swiss"]
[EventRounds "11"]
[EventCountry "NZL"]
[SourceTitle "CBM 134 Extra"]
[Source "ChessBase"]
[SourceDate "2010.03.03"]
[SourceVersion "1"]
[SourceVersionDate "2010.03.03"]
[SourceQuality "1"]

1. e4 c6 2. Nc3 d5 3. exd5 cxd5 4. d4 Nf6 5. Bf4 Bf5 6. Bd3 Bxd3 7. Qxd3 e6 8. Nge2 Bd6 9. 0-0 Bxf4 10. Nxf4 0-0 11. Rfe1 Nc6 12. a3 Qb6 13. Nfe2 Qc7 14. h3 a6 15. Kh1 Ne7 16. Rad1 Rac8 17. Rc1 Ng6 18. Kg1 Nf4 19. Nxf4 Qxf4 20. Ne2 Qd6 21. c3 Nd7 22. Qg3 Qxg3 23. Nxg3 Nb6 24. Nf1 Nc4 25. Re2 Rc6 26. Ne3 Nb6 27. f4 Re8 28. Rcc2 Nd7 29. Nxd5 Rcc8 30. Nb4 Nf6 31. g4 h6 32. Nd3 Nd5 33. Kf2 Kf8 34. Kf3 b6 35. Nb4 Nxb4 36. cxb4 Red8 37. Ke3 Ke7 38. Kd3 Kd6 39. Rc3 b5 40. Rec2 Kd7 41. Rxc8 Rxc8 42. Rxc8 Kxc8 43. Ke4 Kd7 44. d5 exd5+ 45. Kxd5 g5 46. f5 Ke7 47. Kc6 Kf6 48. Kb6 Ke5 49. Kxa6 Kf4 50. Kxb5 Kg3 51. a4 Kxh3 52. a5 Kxg4 53. a6 h5 54. a7 1-0

[Event "NZL-ch Major"]
[Site "Auckland"]
[Date "2010.01.07"]
[Round "6"]
[White "Zhang, William Jie Wen"]
[Black "Li, Jiapeng"]
[Result "1/2-1/2"]
[WhiteElo "1189"]
[BlackElo "1410"]
[PlyCount "99"]
[EventDate "2010.01.02"]
[EventType "swiss"]
[EventRounds "11"]
[EventCountry "NZL"]
[SourceTitle "CBM 134 Extra"]
[Source "ChessBase"]
[SourceDate "2010.03.03"]
[SourceVersion "1"]
[SourceVersionDate "2010.03.03"]
[SourceQuality "1"]

1. e4 d5 2. exd5 Qxd5 3. Nc3 Qa5 4. d4 c6 5. Nf3 Nf6 6. Bd2 Qd8 7. h3 Bf5 8. Bc4 e6 9. a3 h6 10. 0-0 Bd6 11. Re1 0-0 12. Bb3 Qc7 13. Qe2 Bf4 14. Rad1 Bxd2 15. Rxd2 Nbd7 16. Ne5 Rfe8 17. Nxd7 Qxd7 18. Red1 Rad8 19. Kh2 Qc7+ 20. Kg1 Rd7 21. Qf1 Red8 22. Ne2 Ne4 23. Rd3 Nxf2 24. Qxf2 Bxd3 25. Rxd3 Qd6 26. c3 Qc7 27. Nc1 c5 28. Bc2 cxd4 29. Kf1 a6 30. cxd4 Rc8 31. Rc3 Qd8 32. Ne2 Rxc3 33. bxc3 Qf6 34. a4 Qxf2+ 35. Kxf2 Rc7 36. Kf3 Kf8 37. h4 Ke7 38. Ke4 Rc6 39. g4 Rb6 40. d5 exd5+ 41. Kxd5 Rd6+ 42. Ke4 Rd2 43. Nd4 Rh2 44. h5 g6 45. hxg6 fxg6 46. Kf4 Kf6 47. Be4 b6 48. Bb7 a5 49. Bc6 Rd2 50. Bb5 1/2-1/2